[Event "Ambalangoda Dhamso op 8th"]
[Site "Ambalangoda"]
[Date "2018.04.20"]
[Round "3"]
[White "Samarakoon, Hevidu"]
[Black "Krishna, C Revanth Gopala"]
[Result "1/2-1/2"]
[WhiteElo "1439"]
[BlackElo "2415"]
[PlyCount "69"]
[EventDate "2018.04.19"]
[EventType "swiss"]
[EventRounds "9"]
[EventCountry "SRI"]
[SourceTitle "CBM 184 Extra"]
[Source "ChessBase"]
[SourceDate "2018.06.28"]
[SourceVersion "1"]
[SourceVersionDate "2018.06.28"]
[SourceQuality "1"]

1. d4 c5 2. c3 e6 3. Nf3 Nf6 4. Nbd2 b6 5. e3 Bb7 6. Be2 Be7 7. 0-0 0-0 8. Re1 d6 9. Bd3 Nbd7 10. Rb1 a6 11. e4 cxd4 12. cxd4 e5 13. b4 exd4 14. Bb2 Ne5 15. Bf1 Nxf3+ 16. Nxf3 Nxe4 17. Rxe4 Bxe4 18. Qxd4 Bf6 19. Qxe4 d5 20. Qf4 Bxb2 21. Rxb2 Re8 22. h4 b5 23. Rc2 Ra7 24. Bd3 Rae7 25. g3 Qd7 26. Kg2 h5 27. Bf5 Qb7 28. Nd4 g6 29. Rc6 Qa7 30. Bd3 Qb7 31. Qf6 Ra8 32. Nf5 gxf5 33. Bxf5 Re1 34. Qg5+ Kf8 35. Qh6+ 1/2-1/2